000
00340nam a22001457a 4500
999
_c
11251
_d
11251
003
OSt
008
220521b ||||| |||| 00| 0 eng d
020
_a
978-0-241-95822-3
082
_a
658.4092 SIS
100
_a
Sinek, Simon
245
_a
Start with why
260
_a
U.K.
_b
Portfolio Penguin
_c
2009
300
_a
246
942
_2
ddc
_c
BK
_0
1